00736cam a2200193 a 4500020002500000020002200025040000800047082002600055245008200081260004500163300004600208490003800254650003100292650002100323700002100344942001000365999001700375952015000392 a9783631630822 (pbk.) a3631630824 (pbk.) cOHX aPET THE 2011 C077 Or.04aThe economics of land degradation :btoward an integrated global assessment / aFrankfurt am Main :bPeter Lang,cc2011. axxi, 262 p. :bill., col. maps ;c21 cm.0 aDevelopment economics and policy, 0aEnvironmental degradation. 0aLand degradation1 aNkonya, Ephraim. cAEDBB c21340d21340 0010406PET_THE_2011_000000000000000_C077_OR70993287aLBCbLBCcC077d2023-05-16oPET THE 2011 C077 Or.pa38692r2023-05-16w2023-05-16yAEDBB